LEADER 01262nam 2200361 n 450 001 996388176303316 005 20221107142148.0 035 $a(CKB)1000000000637784 035 $a(EEBO)2240864328 035 $a(UnM)99826667 035 $a(UnM)9927792500971 035 $a(EXLCZ)991000000000637784 100 $a19950102d1681 uy | 101 0 $aeng 135 $aurbn||||a|bb| 200 14$aThe extravagant poet$b[electronic resource]$eA comical novel, wherein is described his many pleasant follies. Translated out of French, by G.R. Gent 210 $a[London?] $cPrinted for B.M. [i.e. R. Bentley and M. Magnes] at the sign of Pegasus, at the foot of Parnassus his hill$d1681 215 $a[4], 139, [1] p 300 $aBy Cʹesar Oudin. 300 $aWith added engraved title page, reading: The extravagant poet novel. 300 $aBooksellers' names from Wing. 300 $aReproduction of the original in the Bodleian Library. 330 $aeebo-0014 700 $aOudin$b Ce?sar$fd. 1625.$01006884 701 $aG. R$01005117 801 0$bCu-RivES 801 1$bCu-RivES 801 2$bCStRLIN 801 2$bWaOLN 906 $aBOOK 912 $a996388176303316 996 $aThe extravagant poet$92318185 997 $aUNISA LEADER 01815nam 2200361 450 001 9910725042203321 005 20230626090816.0 035 $a(CKB)5470000002600928 035 $a(NjHacI)995470000002600928 035 $a(EXLCZ)995470000002600928 100 $a20230626d2013 uy 0 101 0 $ager 135 $aur||||||||||| 181 $ctxt$2rdacontent 182 $cc$2rdamedia 183 $acr$2rdacarrier 200 10$aRisiko und Chance $edas Jahrhunderthochwasser am Rhein 1882/1883 : eine umweltgeschichtliche Betrachtung /$fPatrick Masius 210 1$aGo?ttingen :$cUniversita?tsverlag Go?ttingen,$d2013. 210 4$d©2013 215 $a1 online resource (146 pages) $cillustrations 225 0 $aGraduiertenkolleg interdisziplina?re Umweltgeschichte 320 $aIncludes bibliographical references and index. 330 $aKatastrophen stellen eine Herausforderung fu?r gesellschaftliches Handeln dar. Der Autor zeigt, auf welche Weise die politischen und wissenschaftlichen Strukturen des Deutschen Kaiserreiches dieser Herausforderung begegneten und sich im Sinne des Fortschrittsdenkens zu Nutze machten. Es wird deutlich, dass Naturkatastrophen wie das Jahrhunderthochwasser am Rhein fu?r den jungen Nationalstaat nicht nur ein bedrohliches Risiko darstellten, sondern auch eine Chance fu?r gesellschaftlichen Wandel. So sta?rkten sie das Zusammengeho?rigkeitsgefu?hl und lieferten einen Anlass fu?r regionale Entwicklungshilfeprogramme sowie wissenschaftliche Forschung. 606 $aFlood damage prevention 615 0$aFlood damage prevention. 676 $a363.3 700 $aMasius$b Patrick$0800960 801 0$bNjHacI 801 1$bNjHacl 906 $aBOOK 912 $a9910725042203321 996 $aRisiko und Chance$93392256 997 $aUNINA LEADER 03766nam 2200577 a 450 001 9910784922203321 005 20230725024543.0 010 $a1-282-66337-2 010 $a9786612663376 010 $a90-272-8811-9 035 $a(CKB)2670000000035365 035 $a(SSID)ssj0000430011 035 $a(PQKBManifestationID)11297397 035 $a(PQKBTitleCode)TC0000430011 035 $a(PQKBWorkID)10452263 035 $a(PQKB)11500554 035 $a(MiAaPQ)EBC623421 035 $a(Au-PeEL)EBL623421 035 $a(CaPaEBR)ebr10402756 035 $a(CaONFJC)MIL266337 035 $a(OCoLC)657753633 035 $a(EXLCZ)992670000000035365 100 $a20100312d2010 uy 0 101 0 $aeng 135 $aurcn||||||||| 181 $ctxt 182 $cc 183 $acr 200 00$aTranslation and cognition$b[electronic resource] /$fedited by Gregory M. Shreve, Erik Angelone 210 $aAmsterdam ;$aPhiladelphia $cJohn Benjamins Pub. Co.$dc2010 215 $avi, 381 p. $cill 225 1 $aAmerican Translators Association scholarly monograph series,$x0890-4111 ;$vv. 15 300 $aBibliographic Level Mode of Issuance: Monograph 311 $a90-272-3191-5 320 $aIncludes bibliographical references and index. 327 $aTranslation and cognition: recent developments / Gregory M. Shreve and Erik Angelone -- Part I. Methodological innovation. Uncertainty, uncertainty management and metacognitive problem solving in the translation task / Erik Angelone -- Coordination of reading and writing processes in translation: an eye on uncharted territory / Barbara Dragsted -- Cognitive effort, syntactic disruption, and visual interference in a sight translation task / Gregory M. Shreve, Isabel Lacruz, and Erik Angelone -- The reformulation challenge in translation: context reduces polysemy during comprehension, but multiplies creativity during production / Antin Fougner Rydning and Christian Michel Lachaud -- Translation units and grammatical shifts: towards an integration of product- and process-based translation research / Fabio Alves ... [et al.] -- Controlled language and readability / Sharon O'Brien -- Part II. Research design and research issues. On paradigms and cognitive translatology / Ricardo Mun?oz Marti?n -- Integrative description of translation processes / Gyde Hansen -- Are all professionals experts? Definitions of expertise and reinterpretation of research evidence in process studies / Riitta Ja?a?skela?inen -- Part III. Integration of translation process research and the cognitive sciences. Expertise in interpreting: an expert-performance perspective / K. Anders Ericsson -- The search for neuro-physiological correlates of expertise in interpreting / Barbara Moser-Mercer -- Neural and physiological correlates of translation and interpreting in the bilingual brain: recent perspectives / Bruce J. Diamond and Gregory M. Shreve -- Prompting cognates in the bilingual lexicon: optimizing access during translation / Maxim I. Stamenov, Alexander Gerganov, and Ivo D. Popivanov -- Cognitive translation studies: developments in theory and method / Sandra L. Halverson. 410 0$aAmerican Translators Association scholarly monograph series ;$vv. 15. 606 $aTranslating and interpreting$xPsychological aspects 606 $aCognitive psychology 615 0$aTranslating and interpreting$xPsychological aspects. 615 0$aCognitive psychology. 676 $a418/.02019 701 $aShreve$b Gregory M.$f1950-$01463292 701 $aAngelone$b Erik$0800238 801 0$bMiAaPQ 801 1$bMiAaPQ 801 2$bMiAaPQ 906 $aBOOK 912 $a9910784922203321 996 $aTranslation and cognition$93672521 997 $aUNINA